| 000 | 00644nam a2200181 i 4500 | ||
|---|---|---|---|
| 001 | 63806 | ||
| 003 | ES-MaACL | ||
| 005 | 20230906164955.0 | ||
| 007 | t| | ||
| 008 | 031217s1948 sp ||||1| spa d | ||
| 100 | 1 |
_aFigueroa, Emilio de. _950780 |
|
| 245 | 1 | 0 |
_aPolítica conyuntural / _cEmilio de Figueroa. |
| 260 |
_aMadrid : _bInstituto Sancho de Moncada, de Economía, _c1948 ( _fDiana) |
||
| 300 |
_a411 p., 1 gráf. : _bil. ; _c25 cm. |
||
| 500 | _aPrecede al tít.: Consejo Superior de Investigaciones Científicas. | ||
| 710 | 2 |
_aConsejo Superior de Investigaciones Científicas (España) _93236 |
|
| 852 |
_aES-MaACL _jB-1759 _bR.26843 |
||
| 999 |
_c63806 _d63806 |
||